Impactos negativos de la reforma fiscal

Gardado en:
Detalles Bibliográficos
Formato: Texto
Etiquetas: Engadir etiqueta
Sen Etiquetas, Sexa o primeiro en etiquetar este rexistro!

MARC

LEADER 00000 a a2200000 04500
001 42621
003
040
245 |a Impactos negativos de la reforma fiscal  
773 |g volumen25, número1132 ( , 2005), páginas 6-7  
999 |c 31840  |d 31840